00749 2200265 4500001002100000005001500021035002000036008004100056245010800097100002000205700002400225700001800249260002600267300003100293020001800324084001600342082001000358650001800368250001000386500003900396990001200435990001200447990001200459990001200471INLIS00000000001628120230531114837 a0010-0523000041230531 e 1 ind 1 aNight Patrol Teacher Vol.6 /cSeiki Tsuchida; alih bahasa, Ayu Arsandhi Patty; penyunting, Mustika Arum aTSUCHIDA, Seiki aAYU, Arsandhi Patty0 aMUSTIKA, Arum aJakarta :bM&C,c2019 a192 hal. :bilus. ;c17 cm a9786024804992 a741.5 TSU n a741.5 4aKOMIK. BACAAN acet.1 aJudul asli : Yomawari Sensei Vol.6 a11082 a a11082 b a11082 c a11082 d